Shakespeare the Invention of the Human/ (Record no. 7154)
[ view plain ]
| 000 -LEADER | |
|---|---|
| fixed length control field | 00776nam a22002297a 4500 |
| 003 - CONTROL NUMBER IDENTIFIER | |
| control field | BUBTL |
| 008 - FIXED-LENGTH DATA ELEMENTS--GENERAL INFORMATION | |
| fixed length control field | 231122b ||||| |||| 00| 0 eng d |
| 020 ## - INTERNATIONAL STANDARD BOOK NUMBER | |
| International Standard Book Number | 1573221201 |
| 040 ## - CATALOGING SOURCE | |
| Original cataloging agency | eng |
| 082 ## - DEWEY DECIMAL CLASSIFICATION NUMBER | |
| Classification number | 822.33/ B6232s/ 1998 |
| 100 ## - MAIN ENTRY--PERSONAL NAME | |
| Personal name | Bloom, Harold |
| 9 (RLIN) | 5215 |
| 245 ## - TITLE STATEMENT | |
| Title | Shakespeare the Invention of the Human/ |
| Statement of responsibility, etc. | Harold Bloom |
| 250 ## - EDITION STATEMENT | |
| Edition statement | 1st ed. |
| 260 ## - PUBLICATION, DISTRIBUTION, ETC. (IMPRINT) | |
| Place of publication, distribution, etc. | New York : |
| Name of publisher, distributor, etc. | Penguin Putnam Inc., |
| Date of publication, distribution, etc. | c1998 |
| 300 ## - PHYSICAL DESCRIPTION | |
| Extent | xix, 743 p. : |
| Dimensions | 20 cm. |
| 521 ## - TARGET AUDIENCE NOTE | |
| Target audience note | Shakespeare the Invention of the Human, Harold Bloom, English Literature, The Early Comedies, The First Histories, The High Comedies, The Major Histories |
| 526 ## - STUDY PROGRAM INFORMATION NOTE | |
| Program name | English Literature |
| 650 #0 - SUBJECT ADDED ENTRY--TOPICAL TERM | |
| 9 (RLIN) | 1994 |
| Topical term or geographic name as entry element | English Literature |
| 856 ## - ELECTRONIC LOCATION AND ACCESS | |
| Password | 0 |
| Logon | 0 |
| Link text | Download |
| 942 ## - ADDED ENTRY ELEMENTS (KOHA) | |
| Source of classification or shelving scheme | |
| Koha item type | Books |
| Withdrawn status | Lost status | Source of classification or shelving scheme | Damaged status | Not for loan | Collection code | Permanent location | Current location | Date acquired | Source of acquisition | Inventory number | Total Checkouts | Full call number | Barcode | Date last seen | Copy number | Price effective from | Koha item type |
|---|---|---|---|---|---|---|---|---|---|---|---|---|---|---|---|---|---|
| Fiction | Bangladesh University of Business and Technology Library | Bangladesh University of Business and Technology Library | 07/03/2007 | Purchase | 3469 | 822.33/ B6232s/ 1998 | BUBTL-20033469 | 11/22/2023 | C-1 | 11/22/2023 | Books |
